Ramón Lazo (Registro nro. 138882)

Detalles MARC
000 -LEADER
campo de control de longitud fija 00539nam a2200169 4500
001 - NÚMERO DE CONTROL
campo de control 138882
003 - IDENTIFICADOR DE NÚMERO DE CONTROL
campo de control ES-MaACL
005 - FECHA Y HORA DE LA ÚLTIMA TRANSACCIÓN
campo de control 20230906195646.0
007 - CAMPO FIJO DE DESCRIPCIÓN FÍSICA--INFORMACIÓN GENERAL
campo de control de longitud fija t|
008 - DATOS DE LONGITUD FIJA--INFORMACIÓN GENERAL
campo de control de longitud fija 070214s1914 cu r ||||1| spa d
100 1# - ENTRADA PRINCIPAL--NOMBRE DE PERSONA
Nombre de persona Santovenia, Emeterio S.
9 (RLIN) 103543
245 10 - MENCIÓN DEL TÍTULO
Título Ramón Lazo
Resto del título : contribución al estudio de Vuelta Abajo /
Mención de responsabilidad, etc. Emeterio S. Santovenia.
260 ## - PUBLICACIÓN, DISTRIBUCIÓN, ETC.
Lugar de publicación, distribución, etc. La Habana :
Nombre del editor, distribuidor, etc. [s. n.],
Fecha de publicación, distribución, etc. 1914 (
Fabricante Imp. `La Universal`)
300 ## - DESCRIPCIÓN FÍSICA
Extensión 19 p. ;
Dimensiones 25 x 16 cm.
651 #4 - PUNTO DE ACCESO ADICIONAL DE MATERIA--NOMBRE GEOGRÁFICO
Nombre geográfico Vuelta Abajo (Cuba)
9 (RLIN) 148578
852 ## - LOCALIZACIÓN
Ubicación ES-MaACL
Número de control de estantería 1679-F-7
Sublocalización o colección R.4857
Existencias
Estatus retirado Estado de pérdida Estado de daño No para préstamo Colección Biblioteca de origen Biblioteca actual Ubicación en estantería Fecha de adquisición Fuente de adquisición Total de préstamos Signatura topográfica completa Código de barras Visto por última vez Precio de reemplazo Tipo de ítem Koha
        Colección de folletos Biblioteca del Ateneo de Madrid Biblioteca del Ateneo de Madrid Depósito folletos 17/01/2008     1679-F-7 1144523 23/02/2023 23/02/2023 Folleto